| 000 | 00914nam a2200241 i 4500 | ||
|---|---|---|---|
| 001 | 39508 | ||
| 003 | ES-MaACL | ||
| 005 | 20230906160016.0 | ||
| 007 | t| | ||
| 008 | 030303s1966 sp |||| | spa d | ||
| 130 | 0 |
_aCancionero de Baena. _9119658 |
|
| 245 | 1 | 0 |
_aCancionero de Juan Alfonso de Baena / _cedición crítica por José María Azaceta. |
| 260 |
_aMadrid : _bConsejo Superior de Investigaciones Científicas, _c1966. |
||
| 300 |
_a3 v. ; _c26 cm. |
||
| 490 | 1 |
_aClásicos hispánicos. Serie II, Ediciones críticas ; _v10 |
|
| 650 | 4 |
_aPoesías españolas- _yHasta S.XV. _9152332 |
|
| 700 | 1 |
_aBaena, Juan Alfonso de. _924586 |
|
| 700 | 1 |
_aAzaceta, José María. _9181800 |
|
| 710 | 2 |
_aConsejo Superior de Investigaciones Científicas (España) _93236 |
|
| 830 | 0 |
_aClásicos hispánicos. Serie II, Ediciones críticas ; _v10 _9181801 |
|
| 852 |
_aES-MaACL _jC-31745-47 |
||
| 999 |
_c39508 _d39508 |
||